000 00710nam a22002177a 4500
999 _c64194
_d64194
005 20240530110719.0
008 180319s2017 ua g 000 f ara d
017 _a2016/26941
_bمصر. دار الكتب
020 _a9789777950992
040 _aEG-CaGPL
_cEG-CaGPL
082 0 4 _221
_a813.03/
_bش ث
100 0 _aشريف شعبان
245 1 0 _a3 نبوءات سوداء :
_bرواية /
_cشريف شعبان .
250 _aط.1
260 _aالقاهرة :
_bالدار المصرية اللبنانية ،
_c2017 .
300 _a414 ص. ؛
_c19 سم.
650 0 7 _2qrmak
_aالقصص العربية
651 _2qrmak
942 _2ddc
_cBK